| 000 | 00756nam a2200193Ia 4500 | ||
|---|---|---|---|
| 001 | 2481 | ||
| 003 | GE_BSU | ||
| 008 | 181216s||||||||xx |||||||||||||| ||und|| | ||
| 040 | _cGE_BSU | ||
| 080 | _a347(479.22) | ||
| 245 | _aტიპიური ხელშეკრულებების კრებული (შედგენილია საქართველოს სამოქალაქო კოდექსის ნორმების საფუძველზე). | ||
| 260 | _aთბილისი | ||
| 260 | _bრაიზი | ||
| 260 | _c2007 | ||
| 300 | _a158 გვ. | ||
| 541 | _h7 ლ. | ||
| 653 | _aტიპიური ხელშეკრულებების კრებული | ||
| 942 | _cBK | ||
| 999 |
_c36562 _d36562 |
||